[Event "ISR-ch Open 2018"]
[Site "Ma'alot-Tarshih"]
[Date "2018.12.13"]
[Round "2"]
[White "Aharon, Ofir"]
[Black "Emanuel, Yahav"]
[Result "1/2-1/2"]
[WhiteElo "2320"]
[BlackElo "2221"]
[Annotator "TA"]
[PlyCount "108"]
[EventDate "2018.12.12"]
[EventType "swiss"]
[EventCountry "ISR"]
[SourceTitle "playchess.com"]
[Source "ChessBase"]
[SourceQuality "1"]

{[%evp 18,108,31,31,43,35,29,32,33,0,0,0,0,0,6,0,23,23,23,32,32,32,26,0,0,0,32,26,66,71,75,64,80,57,80,91,84,16,16,16,16,0,0,0,0,0,0,0,0,0,0,0,9,0,0,0,0,0,0,0,0,0,0,-7,-8,-10,-8,-8,0,-10,0,-5,0,-10,-8,-25,-25,-25,-25,-25,-25,-25,-25,-25,-25,-25,-25,-25,-25,-25,-25,-25,-25]} 1. e4 e5 2. Nf3 Nc6 3. Bb5 Nf6 4. O-O Bc5 5. Nxe5 Nxe4 6. Qe2 Nxe5 7. Qxe4 Qe7 8. Nc3 {[%cal Bb1c3,Bc3e4,Be4g5][%mdl 32] C65: Ruy Lopez: Berlin Defence (3...Nf6), unusual lines and 4 0-0 Bc5} (8. Re1 Ng6 9. d4 Qxe4 10. Rxe4+ Be7 11. g3 c6 12. Bd3 d5 13. Re1 f6 14. Nd2 Kf7 15. Nf1 Bd6 {½-½ (45) Howell,D (2676)-McShane,L (2640) London 2017}) 8... Ng6 9. Qxe7+ Nxe7 10. Re1 {LiveBook: 8 Games. White is slightly better.} Kf8 11. Ne4 Bb6 12. b3 $146 ({Predecessor:} 12. c3 d5 13. Ng3 h5 14. d4 h4 15. Nf1 c5 16. dxc5 Bxc5 {1-0 (58) Precerutti,J (1801)-Malmstroem,J (1863) IECG email 2003}) 12... d5 13. Ng5 Bc5 $1 14. Bb2 Bf5 15. Bf1 Re8 16. c4 f6 17. Ne6+ Bxe6 $1 18. Rxe6 Kf7 19. Rae1 $36 {[%mdl 2048] White is more active.} c6 20. g3 dxc4 21. bxc4 Bb4 22. Bh3 Bxd2 23. Rd1 $1 {[%cal Rd1d2]} Bb4 24. Rd7 Bc5 25. Bc3 b6 26. Rxc6 ({Don't play} 26. Rxa7 Ra8 $11) 26... Rd8 {[#] Threatens to win with ...Rxd7.} 27. Rxa7 ({White should play} 27. Be6+ $1 $16 Kg6 28. Rcc7) 27... Rd3 $1 $11 {[%cal Rd3c3]} 28. Be1 {Hoping for Be6+.} Ra8 29. Be6+ Kg6 30. Rxa8 Nxc6 31. Bd5 Rd1 32. Kf1 $1 Bb4 33. Bxc6 {aiming for Re8.} Rxe1+ {[%mdl 4096] Endgame KRB-KRB} 34. Kg2 Bc5 35. Bf3 Rc1 36. Be2 f5 37. Re8 Ra1 38. Re6+ Kf7 39. Re5 Kf6 40. Re8 (40. f4 {is more complex.} Rxa2 41. Kf1 Ra3 42. Kg2 g5 43. Rd5) 40... Rxa2 41. Kf1 Ra1+ 42. Kg2 Ra2 43. Kf1 Ra1+ 44. Kg2 g6 45. Bf1 Rc1 46. Re2 Rxc4 {[#]Black has an edge.} 47. Re6+ $1 {[%mdl 512]} Kxe6 48. Bxc4+ {KB-KB} Kf6 49. h4 h6 50. f4 Bb4 51. Kf3 Be1 52. Bb5 Kf7 53. Ba4 Ke7 54. Bb5 h5 {Accuracy: White = 60%, Black = 58%.} 1/2-1/2

[Event "ISR-ch Open 2018"]
[Site "Ma'alot-Tarshih"]
[Date "2018.12.13"]
[Round "2"]
[White "Taichman, Ori"]
[Black "Gleizer, Mark"]
[Result "1/2-1/2"]
[WhiteElo "2303"]
[BlackElo "2186"]
[Annotator "TA"]
[PlyCount "101"]
[EventDate "2018.12.12"]
[EventType "swiss"]
[EventCountry "ISR"]
[SourceTitle "playchess.com"]
[Source "ChessBase"]
[SourceQuality "1"]

{[%evp 23,101,-63,-20,-37,-33,-18,-29,-43,20,0,16,-8,16,15,199,180,164,106,145,53,102,-58,-56,-66,-67,-71,94,89,172,182,493,-97,281,290,183,-333,-316,-442,-443,-552,-408,-738,-727,-759,-671,-678,0,-730,-727,-763,-249,-362,-245,-249,0,0,0,0,0,0,0,0,10,10,10,14,46,38,42,43,46,19,19,14,16,13,16,13,17,16]} 1. e4 e5 2. d4 exd4 3. Qxd4 Nc6 4. Qe3 Nf6 5. Nc3 Bb4 6. Bd2 O-O 7. O-O-O Re8 8. Qg3 Rxe4 9. a3 Bd6 10. f4 {C22: Centre Game} Re8 11. Bd3 Bf8 12. Nf3 d6 {LiveBook: 8 Games} 13. f5 Ne5 (13... d5 14. Rhe1 Rxe1 15. Rxe1 d4 16. Nb5 a6 17. Nxc7 Bd6 {½-½ (26) Nepomniachtchi,I (2587)-Harikrishna,P (2673) Moscow 2007}) 14. Nxe5 Rxe5 15. Qf4 Bd7 ({Black should play} 15... c6 $15) 16. g4 Bc6 17. Rhg1 $146 ({Predecessor:} 17. Rhf1 Qe8 {0-1 (52) Cubas,J (2451)-Barrionuevo,P (2373) Pinamar 2008}) 17... Nd7 18. g5 f6 $2 (18... Nc5 $11 {and Black stays safe.}) 19. Qh4 $1 $18 Kh8 20. Bf4 ({Inferior is} 20. g6 h6 $11) (20. Rg3 $18 fxg5 21. Bxg5) 20... fxg5 21. Rxg5 ({Better is} 21. Bxg5 $16 Nf6 22. Ne2) 21... h6 22. Rdg1 $2 (22. Qh3 $16) 22... Be7 $15 {[%mdl 64] White must now prevent ...Nc5. Pin, Skewer} 23. Qh3 Bxg5 24. Rxg5 Qe7 $2 (24... Qf8 $1 $17 {Hoping for ...Re1+.} 25. Rg6 Nf6 26. Bxe5 dxe5) 25. Rg6 $1 $16 Re1+ (25... Nf8 $16 26. Bxh6 Nxg6 27. Bg5+ {[%mdl 64] Discovered Attack} Kg8 28. Bxe7 Nxe7) 26. Kd2 $1 $18 {Strongly threatening Bxh6!} Rh1 $2 (26... Nf6) 27. Qg3 $2 (27. Ne2 $18 h5 28. Bh6 $1 {[%mdl 512]}) 27... Nf6 $2 {[%mdl 8192] [#]} (27... Ne5 $1 $17 {[%cal Re5f3] keeps the pressure on. ( -> ...Nf3+)} 28. Re6 Qf7 29. Bxe5 dxe5 30. Qxe5 Qh5) 28. Bxh6 $1 {[%mdl 512]} Nh5 {[#]} (28... gxh6 29. Rxh6+) 29. Qf2 $4 {[%mdl 8192]} (29. Bxg7+ $1 $18 {[%mdl 512] is the narrow road to win.} Qxg7 (29... Nxg7 30. f6) 30. Qg5 Rxh2+ 31. Ne2) 29... Qe5 $19 30. Bxg7+ Nxg7 31. Rh6+ Kg8 32. Qh4 (32. f6 $142 Qg5+ 33. Qe3 Qxe3+ 34. Kxe3) 32... Re8 {[%csl Ge8][%cal Re5e3]} 33. Ne2 Qe3+ 34. Kc3 Qe5+ 35. Kd2 $1 Bf3 36. f6 Qe3+ (36... Nh5 $142 37. Qc4+ d5 38. Bh7+ Kf8 39. Qb4+ Qd6 40. Qxd6+ cxd6) 37. Kc3 Bxe2 38. f7+ {[#]} Kxf7 $2 (38... Kf8 $1 $19 39. fxe8=N Kxe8 40. Qe4+ Qxe4 41. Bxe4 Rf1 42. Bxb7 Ke7) 39. Rf6+ $11 Ke7 ({And not} 39... Kg8 40. Qh7#) 40. Rf3+ $1 Kd7 41. Rxe3 Rxe3 42. Qf2 Bxd3 43. Qxe3 Bf5 44. Qg3 Ne6 {And now ...Rc1 would win.} 45. Qf3 {[%mdl 64] Double Attack} Rxh2 46. Qxf5 $14 {Threatens to win with Qf7+. KQ-KRN} Ke7 47. Qg4 {[%mdl 1024] White has compensation.} b6 {The position is equal.} 48. Qg3 Rh5 49. Kb3 a5 50. Qg4 Re5 51. Ka2 {Accuracy: White = 40%, Black = 30%.} 1/2-1/2

[Event "ISR-ch Open 2018"]
[Site "Ma'alot-Tarshih"]
[Date "2018.12.13"]
[Round "2"]
[White "Frenkel, Ran"]
[Black "Libman, Guy"]
[Result "1-0"]
[WhiteElo "2252"]
[BlackElo "2299"]
[Annotator "TA"]
[PlyCount "81"]
[EventDate "2018.12.12"]
[EventType "swiss"]
[EventCountry "ISR"]
[SourceTitle "playchess.com"]
[Source "ChessBase"]
[SourceQuality "1"]

{[%evp 23,81,10,16,0,0,-8,0,11,19,-66,0,-81,-90,-97,-102,-94,-91,-116,-35,-37,0,-16,15,-76,-50,-45,-45,-47,-47,-48,-52,-45,-52,-44,-47,-50,-46,-130,-30,-189,0,0,10,10,33,41,202,213,213,202,232,208,173,165,5485,5094,29987,29988,29989,29989]} 1. d4 d5 2. c4 c6 3. Nf3 Nf6 4. Nc3 dxc4 5. a4 Bf5 6. e3 e6 7. Bxc4 Bb4 8. O-O O-O 9. Nh4 Nbd7 10. f3 Bg6 11. Nxg6 hxg6 12. Qb3 {D18: Slav Defence: 5 a4 Bf5 6 e3} (12. Qc2 Qa5 13. Rd1 Rac8 14. e4 c5 15. d5 Bxc3 16. bxc3 exd5 17. Bxd5 Nxd5 18. exd5 c4 19. Ba3 Rfe8 20. Rd4 {½-½ (55) Korobov,A (2674)-Prohaszka,P (2593) Gjakova 2016}) 12... Qb6 {LiveBook: 4 Games} 13. Na2 Be7 14. Qxb6 $146 {The position is equal.} ({Predecessor:} 14. Rd1 Qxb3 15. Bxb3 c5 16. Bd2 Rfc8 17. Rac1 Rc6 18. a5 Rd8 19. Bc3 {1-0 (19) Carvaga,R (2044)-Nad,R (1959) ICCF email 2011}) 14... axb6 15. Bb3 Rfd8 16. f4 (16. Rd1 $11) 16... Nb8 (16... c5 $15 17. Nc3 cxd4 18. exd4 Nb8) 17. Bd2 (17. Rd1 $11) 17... c5 $17 18. Bc3 Nc6 {[%cal Rc5d4]} 19. Rad1 Ng4 20. Rfe1 cxd4 (20... g5 $17 21. d5 exd5 22. Rxd5 c4 $1 {[%mdl 512]} 23. Rxd8+ (23. Bxc4 Nxe3 24. Rxd8+ Rxd8 $17) 23... Rxd8 24. Bxc4 gxf4 25. exf4 Bc5+ 26. Kf1 Ne3+ 27. Rxe3 Bxe3) 21. exd4 $15 Bh4 22. g3 Bf6 {[%cal Rc6d4]} (22... Be7 {looks sharper.} 23. Nc1 Nf6 24. Re3 Nd5 25. Rf3 Ndb4) 23. h3 (23. d5 $11 {remains equal.} exd5 24. Rxd5) 23... Nxd4 $17 24. Bxd4 Bxd4+ 25. Rxd4 Rxd4 26. hxg4 Rd3 27. Nc3 Rxg3+ 28. Kf2 Rxg4 29. Kf3 Rh4 30. Rd1 {[#]} (30. Kg3 $15 g5 31. fxg5) 30... Kf8 (30... g5 $1 $17 31. f5 (31. fxg5 Rb4) 31... exf5) 31. Kg3 $2 {[#]} (31. Rd7 $11 {and White is okay.}) 31... Rh5 $2 ({Black should try} 31... g5 $1 $19 32. Rd6 (32. fxg5 Rb4) 32... Rxf4 33. Rxb6 Rd8) 32. Rd7 Raa5 33. Ne4 {Hoping for Nd6.} b5 34. Nd6 {[%mdl 64] Double Attack} bxa4 $2 (34... Rf5 $1 $14) 35. Rxf7+ $18 Kg8 36. Bxe6 {Rf6+ is the strong threat.} Ra6 37. Re7+ Kh7 38. Nf7 {White threatens Re8 and mate.} Rxe6 $2 (38... Ra8 39. Ng5+ (39. Rxb7 Rh1 $16) 39... Kh6 40. Rxb7 Rh1) 39. Rxe6 {Intending Re8 and mate.} Rb5 40. Ng5+ Kh6 41. Re8 {Accuracy: White = 36%, Black = 32%.} 1-0

[Event "ISR-ch Open 2018"]
[Site "Ma'alot-Tarshih"]
[Date "2018.12.13"]
[Round "2"]
[White "Gershkowich, David"]
[Black "Globus, Or"]
[Result "1/2-1/2"]
[WhiteElo "2193"]
[BlackElo "2387"]
[Annotator "TA"]
[PlyCount "52"]
[EventDate "2018.12.12"]
[EventType "swiss"]
[EventCountry "ISR"]
[SourceTitle "playchess.com"]
[Source "ChessBase"]
[SourceQuality "1"]

{[%evp 21,52,11,8,0,0,-21,9,0,0,-7,10,8,2,0,5,9,0,-14,0,-12,-8,-5,0,-9,0,-15,-8,-50,-37,-21,-24,-2,0]} 1. e4 e5 2. Nf3 Nc6 3. Bb5 a6 4. Ba4 Nf6 5. O-O b5 6. Bb3 Bc5 7. d3 d6 8. c3 h6 9. Nbd2 {C78: Ruy Lopez: Archangelsk and Möller Defences} O-O 10. Re1 Bb6 11. Nf1 Ne7 {LiveBook: 17 Games} 12. Be3 c5 13. Ng3 Ng6 14. h3 d5 {[#]} 15. Bc2 $146 ({Predecessor:} 15. exd5 Nxd5 16. Bd2 Re8 {½-½ (51) Adams,M (2729)-Naiditsch,A (2639) Heraklio 2007}) 15... Be6 16. d4 cxd4 17. cxd4 dxe4 18. Nxe5 Bd5 19. Nh5 Bc7 20. Nxg6 fxg6 21. Nxf6+ Rxf6 22. Bb3 Kh7 23. Bxd5 Qxd5 24. Qg4 Raf8 25. Rac1 Qd6 26. g3 Ba5 {Accuracy: White = 52%, Black = 45%.} 1/2-1/2

[Event "ISR-ch Open 2018"]
[Site "Ma'alot-Tarshih"]
[Date "2018.12.13"]
[Round "2"]
[White "Kupervaser, Erez"]
[Black "Gruenfeld, Yehuda"]
[Result "1/2-1/2"]
[WhiteElo "2168"]
[BlackElo "2421"]
[Annotator "RC"]
[PlyCount "47"]
[EventDate "2018.12.12"]
[EventType "swiss"]
[EventCountry "ISR"]
[SourceTitle "playchess.com"]
[Source "ChessBase"]
[SourceQuality "1"]
[TimeControl "40/5400+30:1800+30"]

1. e4 {[%emt 0:00:00]} c5 {[%emt 0:00:00]} 2. Nf3 {[%emt 0:00:00]} e6 {[%emt 0:00:00]} 3. d4 {[%emt 0:00:00]} cxd4 {[%emt 0:00:00]} 4. Nxd4 {[%emt 0:00:00]} a6 {[%emt 0:00:00]} 5. Nc3 {[%emt 0:00:16]} b5 {[%emt 0:01:18]} 6. g3 {[%emt 0:00:22]} Bb7 {[%emt 0:01:09]} 7. Bg2 {[%emt 0:00:05]} Nf6 {[%emt 0:01:26]} 8. O-O {[%emt 0:00:07]} d6 {[%emt 0:06:01]} 9. Re1 {[%emt 0:00:46]} Qc7 {[%emt 0:00:53]} 10. a4 {[%emt 0:00:23]} bxa4 {[%emt 0:06:48]} 11. Nd5 {[%emt 0:04:24]} Nxd5 {[%emt 0:04:03]} 12. exd5 {[%emt 0:00:12]} e5 {[%emt 0:00:04]} 13. f4 {[%emt 0:05:56]} g6 {[%emt 0:02:12]} 14. Ra3 {[%emt 0:32:45]} Bg7 {[%emt 0:01:44]} 15. fxe5 {[%emt 0:02:55]} dxe5 {[%emt 0:01:22]} 16. d6 {[%emt 0:10:22]} Qd7 {[%emt 0:01:19]} 17. Bxb7 {[%emt 0:06:51]} Qxb7 {[%emt 0:00:46]} 18. Nf3 {[%emt 0:00:42]} Nd7 {[%emt 0:01:26]} 19. Rc3 {[%emt 0:04:33]} Rc8 {[%emt 0:04:30]} 20. Qd5 {[%emt 0:01:24]} Qb6+ {[%emt 0:02:48]} 21. Be3 {[%emt 0:00:39]} Qd8 {[%emt 0:00:20]} 22. Bg5 {[%emt 0:01:05]} Qb6+ {[%emt 0:00:09]} 23. Be3 {[%emt 0:00:08]} Qd8 {[%emt 0:01:46]} 24. Bg5 {[%emt 0:28:05]} 1/2-1/2

[Event "ISR-ch Open 2018"]
[Site "Ma'alot-Tarshih"]
[Date "2018.12.14"]
[Round "3"]
[White "Postny, Evgeny"]
[Black "Rechlis, Gad"]
[Result "1-0"]
[WhiteElo "2615"]
[BlackElo "2521"]
[Annotator "TA"]
[PlyCount "99"]
[EventDate "2018.12.11"]
[EventType "swiss"]
[EventCountry "ISR"]
[SourceTitle "playchess.com"]
[Source "ChessBase"]
[SourceQuality "1"]

{[%evp 25,99,61,55,56,60,53,83,45,44,45,70,60,79,80,96,94,129,89,105,86,160,143,171,177,157,159,140,82,179,166,177,167,175,167,264,266,259,259,295,291,290,281,287,275,287,277,286,277,259,286,280,251,433,496,515,555,524,533,550,539,449,528,480,497,719,719,693,686,622,598,1878,1786,1434,1357,5073,2866]} 1. d4 Nf6 2. c4 g6 3. Nc3 Bg7 4. e4 d6 5. Be2 O-O 6. Be3 c6 7. Nf3 e5 8. d5 Ng4 9. Bg5 {[%cal Be3g5,Bg5h4,Bh4f2][%mdl 32]} f6 10. Bh4 Na6 11. Nd2 {E92: King's Indian: Classical: 6 Be2 e5: 7 dxe5, 7 Be3 and Petrosian System without 7...Nbd7} h5 12. h3 Nh6 13. f3 Nf7 {LiveBook: 3 Games} 14. a3 Bh6 15. Bf2 f5 (15... Bd7 16. Nb3 c5 17. Nc1 Kh8 18. Nd3 {1-0 (70) Fedoseev,V (2707)-Firouzja,A (2561) Abu Dhabi 2018}) 16. b4 c5 17. Rb1 h4 18. Bd3 $146 ({Predecessor:} 18. Qc2 Bf4 19. Rf1 Qg5 20. Qd3 Bg3 21. Bxg3 hxg3 {½-½ (21) Sedlar,W (2097)-Smith,B (2427) Dayton 2017}) 18... Bf4 19. Ne2 Bg5 20. O-O b6 21. Bc2 Bd7 22. Kh1 Rc8 ({Better is} 22... Qf6) 23. exf5 $16 gxf5 24. f4 $1 {[%cal Rf4g5]} exf4 25. Bg1 Qf6 26. Ba4 (26. Nxf4 $142 {Strongly threatening Ne6.} Qh6 27. Bh2) 26... Nb8 {[#]} (26... Bxa4 $16 27. Qxa4 Nc7) 27. bxc5 $1 $18 {aiming for c6.} ({Don't take} 27. Nxf4 $6 Qh6 $11) 27... dxc5 28. Nxf4 Qh6 29. Bh2 Rfe8 (29... Rce8 {was called for.} 30. Bxd7 Nxd7) 30. Bxd7 Nxd7 31. Qc2 Bxf4 32. Rxf4 ({But not} 32. Qxf5 $6 Bxh2 33. Qxf7+ Kh8 $18) 32... Nd6 33. Nf3 Re4 {[#]} 34. Rxh4 $1 {[%mdl 576] Deflection} Rxh4 35. Nxh4 Qxh4 36. Bxd6 Qf6 37. Bh2 Re8 38. Rf1 Re4 $2 {[#]} (38... Qg6 {might work better.} 39. Qa4 (39. Qxf5 Qxf5 40. Rxf5 Re1+ 41. Bg1 Re4 $14) (39. Rxf5 Re1+ 40. Bg1 Re5 $18) 39... Re2) 39. Qxe4 $1 {[%mdl 512] White is clearly winning.} fxe4 40. Rxf6 Nxf6 {[%mdl 4096] Endgame KB-KN} 41. Be5 Nd7 42. Bf4 b5 43. cxb5 c4 44. Kg1 Nb6 (44... Kf7 $142 45. Kf2 Nc5) 45. d6 {[%cal Bd5d6,Bd6d7][%mdl 32]} Kf7 46. h4 {[%cal Bh3h4,Bh4h5][%mdl 32]} Nd5 47. Bc1 Nc3 {intending ...Ne2+.} 48. h5 Ne2+ 49. Kh2 Nxc1 50. d7 {Accuracy: White = 87%, Black = 45%.} 1-0

[Event "ISR-ch Open 2018"]
[Site "Ma'alot-Tarshih"]
[Date "2018.12.14"]
[Round "3"]
[White "Mikhalevski, Victor"]
[Black "Greenfeld, Alon"]
[Result "1/2-1/2"]
[WhiteElo "2579"]
[BlackElo "2504"]
[Annotator "TA"]
[PlyCount "23"]
[EventDate "2018.12.11"]
[EventType "swiss"]
[EventCountry "ISR"]
[SourceTitle "playchess.com"]
[Source "ChessBase"]
[SourceQuality "1"]

{[%evp 9,23,-4,4,-4,-4,-6,-11,-10,-11,-2,-2,-2,-7,-6,0,0]} 1. d4 d5 2. Bf4 Nf6 3. e3 Bg4 4. f3 Bd7 (4... Bc8 5. Nc3 e6 6. e4 Bb4 7. Qd3 O-O 8. O-O-O b6 9. Nge2 c5 10. exd5 Ba6 11. Qe3 exd5 12. a3 Bxc3 13. Nxc3 Bxf1 14. Rhxf1 Nc6 {1-0 (32) Wei,Y (2727)-Ma,Q (2637) China 2017}) 5. Nc3 e6 {LiveBook: 3 Games. The position is equal.} 6. Qd2 {D00: 1 d4 d5: Unusual lines} c5 7. Nb5 Bxb5 8. Bxb5+ Nc6 9. c3 $146 ({Predecessor:} 9. Bxc6+) 9... Bd6 10. Ne2 O-O 11. O-O Bxf4 12. Nxf4 1/2-1/2

[Event "ISR-ch Open 2018"]
[Site "Ma'alot-Tarshih"]
[Date "2018.12.14"]
[Round "3"]
[White "Baron, Tal"]
[Black "Galburd, Yan"]
[Result "0-1"]
[WhiteElo "2532"]
[BlackElo "2382"]
[Annotator "TA"]
[PlyCount "50"]
[EventDate "2018.12.11"]
[EventType "swiss"]
[EventCountry "ISR"]
[SourceTitle "playchess.com"]
[Source "ChessBase"]
[SourceQuality "1"]

{[%evp 22,50,12,11,7,0,0,0,0,0,0,-47,2,-18,-28,-32,-31,-28,-39,-144,-134,-184,-184,-187,-142,-280,-277,-388,-380,-474,-471]} 1. d4 Nf6 2. c4 e6 3. Nf3 d5 4. Nc3 Bb4 5. cxd5 exd5 6. Bg5 Nbd7 7. e3 h6 {D38: Queen's Gambit Declined: Ragozin Defence (4 Nf3 Bb4)} 8. Bh4 (8. Bxf6 Bxc3+ 9. bxc3 Nxf6 10. Bd3 O-O 11. O-O c5 12. dxc5 Qa5 13. Qb3 Qxc5 14. Qb4 b6 15. Rfc1 {0-1 (33) So,W (2780)-Wei,Y (2729) chess.com INT 2018}) 8... g5 9. Bg3 Ne4 10. Nd2 Nxg3 11. hxg3 c6 12. Bd3 {LiveBook: 8 Games} Nb6 13. Qh5 $146 ({Predecessor:} 13. Qc2 Be6 14. a3 Bd6 15. Bf5 {½-½ (33) Manolache,M (2508)-Peralta,F (2569) Santiago de Compostela 2018}) 13... Qf6 14. a3 Be7 15. g4 Be6 16. Rc1 O-O-O 17. b4 Kb8 18. Nb3 Bd6 19. Nc5 Qe7 20. a4 {[#]} (20. N3a4 $1 $15) 20... Nd7 $1 $17 {[%cal Rd7f6,Bb6d7,Bd7c5,Bc5b3][%mdl 32] Threatens to win with ...Nf6.} 21. Nxe6 fxe6 22. b5 c5 23. dxc5 (23. Qh3 $17) 23... Nxc5 $19 24. Be2 (24. Bc2 $142) 24... Qg7 25. O-O Nb3 {Accuracy: White = 23%, Black = 97%.} 0-1

[Event "ISR-ch Open 2018"]
[Site "Ma'alot-Tarshih"]
[Date "2018.12.14"]
[Round "3"]
[White "Dvoirys, Semen I."]
[Black "Smirin, Ilia"]
[Result "0-1"]
[WhiteElo "2528"]
[BlackElo "2609"]
[Annotator "TA"]
[PlyCount "96"]
[EventDate "2018.12.11"]
[EventType "swiss"]
[EventCountry "ISR"]
[SourceTitle "playchess.com"]
[Source "ChessBase"]
[SourceQuality "1"]

{[%evp 30,96,0,0,0,0,0,0,0,0,0,0,0,0,0,0,14,9,15,0,2,0,0,0,0,0,0,0,17,-22,-27,-57,-58,-63,-65,-64,-57,-73,-46,-39,-38,-38,-45,-66,-99,-127,-102,-184,-177,-179,-177,-183,-131,-297,-287,-475,-437,-454,-448,-1071,-1012,-1089,-1056,-1455,-1464,-5089,-4062,-5214,-5214]} 1. e4 e5 2. Nf3 Nc6 3. Bb5 a6 4. Ba4 Nf6 5. O-O Be7 6. Re1 b5 7. Bb3 d6 8. c3 O-O 9. h3 Na5 10. Bc2 c5 11. d4 Qc7 12. Nbd2 cxd4 13. cxd4 Rd8 14. Nf1 exd4 15. Nxd4 d5 16. exd5 Rxd5 {Hoping for ...Bc5. C99: Closed Ruy Lopez: Chigorin Defence: 11 d4 Qc7 12 Nbd2 cxd4} 17. Qe2 Rxd4 $146 ({Predecessor:} 17... Bc5 18. Nb3 Bb7 19. Nxc5 Rxc5 20. Bd3 Qc6 21. f3 Nc4 22. Bxc4 Rxc4 23. Ne3 Re8 24. Qf2 {½-½ (43) Korchagina,V (2071)-Predke,A (2483) St Petersburg 2012}) 18. Qxe7 Qxe7 {The position is equal.} ({And not} 18... Qxc2 19. Qe8+ $1 {[%mdl 512]} Nxe8 20. Rxe8#) 19. Rxe7 Be6 {Strongly threatening ...Nd5.} 20. Be3 Rc4 21. Bd1 Nc6 {[%cal Ba5c6,Bc6e5,Be5d3][%mdl 32]} 22. Bf3 Rc8 23. Rb7 Ne5 24. Bd1 h6 $36 {[%mdl 2048] Black fights for an advantage.} 25. Rb6 R4c6 26. Rxc6 Rxc6 27. Bd4 Nd3 28. Bf3 Rc4 29. Bxf6 gxf6 30. Be2 Rc1 31. Rxc1 Nxc1 $15 {[%mdl 4096] Endgame KBN-KBN} 32. Ng3 Bxa2 33. Kf1 Bd5 34. f3 Be6 35. Ke1 Nxe2 36. Kxe2 {KB-KN} a5 37. Kd2 b4 38. Ne4 (38. Ne2 $17 {was worth a try.}) 38... Kg7 $19 39. Nc5 Kg6 40. h4 Kf5 (40... f5 $19 41. Nd3 Kf6) 41. Ke3 $2 {[#]} (41. Nd3 $17) 41... Ke5 $1 42. g4 $2 (42. b3) 42... Kd5 {Black is clearly winning.} 43. Nd3 Kc4 44. Nf4 (44. Kd2 $142 Bd5 45. f4) 44... a4 45. Kd2 Bd5 46. Nh5 Bxf3 47. Nxf6 Kb3 (47... a3 $2 48. bxa3 bxa3 49. Kc2 $19) 48. Kc1 Ka2 {Precision: White = 44%, Black = 88%.} 0-1

[Event "ISR-ch Open 2018"]
[Site "Ma'alot-Tarshih"]
[Date "2018.12.14"]
[Round "3"]
[White "Zanan, Evgeny"]
[Black "Bakalchuk, Johnatan"]
[Result "1/2-1/2"]
[WhiteElo "2521"]
[BlackElo "2442"]
[Annotator "TA"]
[PlyCount "57"]
[EventDate "2018.12.11"]
[EventType "swiss"]
[EventCountry "ISR"]
[SourceTitle "playchess.com"]
[Source "ChessBase"]
[SourceQuality "1"]

{[%evp 18,57,37,0,0,0,0,0,0,-6,-12,0,0,0,26,21,22,22,22,22,22,20,22,22,22,29,22,0,10,0,0,0,6,4,6,0,2,6,4,0,3,3]} 1. d4 Nf6 2. c4 g6 3. g3 Bg7 4. Bg2 O-O 5. Nf3 c5 6. Nc3 cxd4 7. Nxd4 Nc6 8. Nc2 d6 9. O-O Qa5 10. Nb5 {LiveBook: 4 Games. A38: Symmetrical English vs ...g6: 4 Bg2 Bg7 5 Nf3 Nf6} (10. Bd2 Qh5 11. e4 Ng4 12. h3 Nge5 13. Qxh5 gxh5 14. Ne3 Bxh3 15. f4 Bxg2 16. Kxg2 Ng4 17. Nf5 Bxc3 18. Bxc3 e6 19. Nxd6 {½-½ (33) Gledura,B (2613)-Markus,R (2617) Budapest 2017}) 10... Be6 11. b3 d5 12. Bd2 Qd8 13. Nbd4 Nxd4 14. Nxd4 Bg4 15. h3 $146 ({Predecessor:} 15. Rc1 dxc4 16. Rxc4 Rc8 17. Rxc8 Qxc8 {½-½ (27) Szafraniec,T-Cardelli,G (2450) ICCF corr 1996}) 15... dxc4 (15... Bd7 {keeps more tension.} 16. Rc1 dxc4 17. Bb4 cxb3 18. Qxb3 Bxh3 19. Bxh3 Qxd4 20. Bxe7 Rfe8) 16. Be3 e5 17. hxg4 {[#] Nc2 is the strong threat.} exd4 18. Bxd4 Nxg4 19. Bxg7 Kxg7 20. Bxb7 Rb8 21. Bf3 Ne5 {[%cal Bg4e5,Be5c4,Bc4d2][%mdl 32]} 22. bxc4 {The position is equal.} Nxc4 23. Qa4 Nd2 24. Rfd1 Nxf3+ 25. exf3 Qf6 26. Qxa7 Qxf3 27. Qd4+ Qf6 28. a4 Rb6 29. Qxf6+ {Accuracy: White = 61%, Black = 82%.} 1/2-1/2

[Event "ISR-ch Open 2018"]
[Site "Ma'alot-Tarshih"]
[Date "2018.12.14"]
[Round "3"]
[White "Mindlin, Alon"]
[Black "Steinberg, Nitzan"]
[Result "1/2-1/2"]
[WhiteElo "2472"]
[BlackElo "2532"]
[Annotator "TA"]
[PlyCount "60"]
[EventDate "2018.12.11"]
[EventType "swiss"]
[EventCountry "ISR"]
[SourceTitle "playchess.com"]
[Source "ChessBase"]
[SourceQuality "1"]

{[%evp 16,60,0,0,4,10,16,23,71,31,55,47,22,21,27,-18,-19,-43,11,0,0,-9,0,-2,0,-34,-22,-45,-25,-35,-21,-20,-20,-19,-31,-84,-68,-81,0,0,0,-12,84,85,84,77,70]} 1. c4 Nf6 2. Nc3 e5 3. g3 d5 4. cxd5 Nxd5 5. Bg2 Nxc3 6. bxc3 Nc6 7. d3 Bc5 8. Nf3 O-O 9. O-O {LiveBook: 11 Games} Re8 {A29: English Opening: Four Knights Variation with 4 g3} (9... Rb8 10. a4 Be6 11. Ng5 Bg4 12. Ne4 Be7 13. Ba3 Bxa3 14. Rxa3 b6 15. Re1 Qe7 16. Ra1 Rbd8 17. Qb3 {1-0 (57) Ding,L (2778)-Dubov,D (2696) Liaocheng 2018}) 10. Rb1 h6 11. Nd2 $146 ({Predecessor:} 11. Bb2 Bb6 12. Nd2 Be6 13. c4 Rb8 14. Ba3 Nd4 15. Ne4 f5 16. Nc5 Bxc5 17. Bxc5 {1-0 (69) Meenakshi,S (2303)-Jose,R (2054) Subic Bay 2009}) 11... Re6 {White has an edge.} 12. Kh1 Qe8 13. e3 {Hoping for d4.} Bf8 14. d4 {d5 is the strong threat.} Na5 15. e4 Rb6 16. Nb3 Nc4 ({Black should try} 16... Nxb3 $15 17. axb3 a5) 17. Qe2 Qa4 18. f4 exd4 19. cxd4 Bd7 {[%cal Bc8d7,Bd7b5,Bb5a6][%mdl 32]} 20. Rf2 Rd8 21. f5 Bb5 (21... c5 $5) 22. Qg4 Ba6 23. Bf4 Rxd4 $1 24. Bxc7 Rb4 {White must now prevent ...Nd2!} 25. f6 (25. Re1 $15) 25... g6 $17 {aiming for ...Nd2!} 26. Bf4 Qd7 (26... Qe8 $17 27. Rc1 Rd8) 27. Qxd7 $11 Rxd7 28. h4 Rb5 {[#]} (28... Bb5 $11) 29. Rc1 $1 $16 {[%cal Rc1c4]} Ne5 {[#]} 30. Bf1 $1 {[%cal Rf1b5]} Ng4 {Accuracy: White = 44%, Black = 44%.} 1/2-1/2